00466pab a2200145 454500008004000000100001800040245011900058260000900177300001500186362000800201650002200209650002300231650001500254773005100269180718b2000 xxu||||| |||| 00| 0 eng d aLevy, Richard aFubai: differing Chinese views of corruption since Tiananmen: does a road paved with corruption lead to socialism? c2000 ap.1863-898 aNov aSocialism - China aCorruption - China aCorruption aInternational Journal of Public Administration